| 000 | 00900nam a2200265 a 4500 | ||
|---|---|---|---|
| 001 | 000030274 | ||
| 003 | DO-SdBNP | ||
| 005 | 20240229073949.0 | ||
| 007 | ta | ||
| 008 | 110505s2007 dr ac 000 0 spa d | ||
| 040 |
_aDO-SdBNP _bspa _cBNPHU |
||
| 041 | 1 | 7 |
_aspa _beng |
| 082 | 4 |
_bW275a _222 |
|
| 245 | 0 | 0 |
_aAndy Warhol obra gráfica = Andy Warhol graphic works / _ctextos José Rafael Lantigua, Hans Hertell ; traducción Zondra Norman, Andreina Lauira, Alain Blondel. |
| 246 | 1 | 1 | _aAndy Warhol graphic works |
| 260 |
_aSanto Domingo : _bMuseo de Arte Moderno, _c2007. |
||
| 300 |
_a151 p. : _bil., retrs. ; _c23 cm. |
||
| 590 | _aInventariado, 2022/BT | ||
| 700 | 1 |
_aLantigua, José Rafael, _d1949- _91438 |
|
| 700 | 1 |
_aHertell, Hans _956950 |
|
| 700 | 1 |
_aNorman, Zondra, _etr. _956951 |
|
| 700 | 1 |
_aLauira, Andreina _etr. _956952 |
|
| 700 | 1 |
_aBlondel, Alain _etr. _956953 |
|
| 942 |
_2ddc _cLBS1 |
||
| 999 |
_c29766 _d29766 |
||